[Event "Voronezh op-A 17th"]
[Site "Voronezh"]
[Date "2013.06.20"]
[Round "8"]
[White "Travkina, Anastasia"]
[Black "Vlasenko, Aleksey"]
[Result "1/2-1/2"]
[WhiteElo "2216"]
[BlackElo "2332"]
[PlyCount "91"]
[EventDate "2013.06.12"]
[EventType "swiss"]
[EventRounds "9"]
[EventCountry "RUS"]
[SourceTitle "EXT 2014"]
[Source "ChessBase"]
[SourceDate "2013.11.20"]
[SourceVersion "1"]
[SourceVersionDate "2013.11.20"]
[SourceQuality "1"]

1. e4 c5 2. Nf3 e6 3. d4 cxd4 4. Nxd4 Nc6 5. Nc3 Qc7 6. Be2 a6 7. 0-0 Nf6 8. Be3 Bb4 9. Na4 Bd6 10. g3 0-0 11. Nxc6 Qxc6 12. Nb6 Rb8 13. Bf3 e5 14. c4 Bc5 15. Nd5 Nxd5 16. cxd5 Qb6 17. Bxc5 Qxc5 18. Rc1 Qb5 19. Qe2 Qb6 20. Qe3 Qxe3 21. fxe3 d6 22. Rc7 Rd8 23. Bh5 f6 24. Bf7+ Kh8 25. Rfc1 Bh3 26. Be6 Bxe6 27. dxe6 Re8 28. Rd7 Rxe6 29. Rcc7 Rg8 30. Rxb7 h5 31. h4 a5 32. Kf2 Kh7 33. Kf3 Kh6 34. Ra7 g5 35. Rxa5 Kg6 36. Ra6 Rc8 37. hxg5 fxg5 38. Rdxd6 g4+ 39. Ke2 Rxd6 40. Rxd6+ Kg5 41. Re6 Rc2+ 42. Kf1 Rxb2 43. Rxe5+ Kg6 44. a4 Rb1+ 45. Kf2 Rb2+ 46. Kf1 1/2-1/2

[Event "Belorechensk Sarkisov Memorial op"]
[Site "Belorechensk"]
[Date "2012.05.25"]
[Round "3"]
[White "Vlasenko, Aleksey"]
[Black "Suslov, Nikolay"]
[Result "1-0"]
[WhiteElo "1938"]
[BlackElo "1960"]
[PlyCount "73"]
[EventDate "2012.05.23"]
[EventType "swiss"]
[EventRounds "9"]
[EventCountry "RUS"]
[SourceTitle "CBM 148 Extra"]
[Source "ChessBase"]
[SourceDate "2012.06.22"]
[SourceVersion "1"]
[SourceVersionDate "2012.06.22"]
[SourceQuality "1"]

1. d4 d5 2. c4 e6 3. Nc3 Nf6 4. cxd5 exd5 5. Bg5 Be7 6. e3 c6 7. Bd3 0-0 8. Qc2 Nbd7 9. Nge2 Re8 10. 0-0 Nf8 11. f3 h6 12. Bh4 Be6 13. Rad1 Qd7 14. Kh1 Rac8 15. Nf4 Ng4 16. Nxe6 fxe6 17. fxg4 Bxh4 18. Rf3 Rc7 19. Rdf1 Qd6 20. e4 Qd8 21. e5 b5 22. g3 Bg5 23. Kg2 a6 24. h4 Be7 25. Qe2 c5 26. Bb1 cxd4 27. Qd3 g6 28. Ne2 Bc5 29. Nxd4 Bxd4 30. Qxd4 Rg7 31. Rf6 Nd7 32. Qe3 Qc7 33. Rxg6 Qxe5 34. Qxh6 Ree7 35. Rf2 Nc5 36. Rxg7+ Qxg7 37. Bh7+ 1-0

[Event "Stepanov Memorial op"]
[Site "Sochi"]
[Date "2005.10.??"]
[Round "3"]
[White "Malaniuk, Vladimir P"]
[Black "Vlasenko, Aleksey"]
[Result "1/2-1/2"]
[WhiteElo "2526"]
[BlackElo "2160"]
[PlyCount "77"]
[EventDate "2005.10.13"]
[EventType "swiss"]
[EventRounds "9"]
[EventCountry "RUS"]
[SourceTitle "EXT 2007"]
[Source "ChessBase"]
[SourceDate "2006.11.23"]
[SourceVersion "1"]
[SourceVersionDate "2006.11.23"]
[SourceQuality "1"]

1. d4 d5 2. Nf3 c6 3. c4 Nf6 4. e3 e6 5. Bd3 Nbd7 6. 0-0 Bd6 7. Nbd2 e5 8. cxd5 cxd5 9. e4 0-0 10. Re1 dxe4 11. Nxe4 Nxe4 12. Rxe4 f5 13. Re1 e4 14. Bc4+ Kh8 15. Ng5 Nf6 16. h3 Qc7 17. Qb3 h6 18. Nf7+ Kh7 19. Nxd6 Qxd6 20. Bd2 a5 21. Qb5 Be6 22. Bxe6 Qxe6 23. Bf4 Qd5 24. Qxd5 Nxd5 25. Be5 Rac8 26. Rec1 b6 27. a3 g5 28. Kf1 Kg6 29. Ke2 h5 30. g3 Rfe8 31. f3 g4 32. fxe4 fxe4 33. hxg4 hxg4 34. Kd2 Rf8 35. Rxc8 Rxc8 36. Re1 Kf5 37. Rh1 Kg6 38. Re1 Kf5 39. Rh1 1/2-1/2

[Event "Stepanov Memorial op"]
[Site "Sochi"]
[Date "2005.10.??"]
[Round "4"]
[White "Vlasenko, Aleksey"]
[Black "Sirotine, Konstantin"]
[Result "1-0"]
[WhiteElo "2160"]
[BlackElo "2387"]
[PlyCount "111"]
[EventDate "2005.10.13"]
[EventType "swiss"]
[EventRounds "9"]
[EventCountry "RUS"]
[SourceTitle "EXT 2007"]
[Source "ChessBase"]
[SourceDate "2006.11.23"]
[SourceVersion "1"]
[SourceVersionDate "2006.11.23"]
[SourceQuality "1"]

1. d4 d5 2. Nf3 Nf6 3. c4 e6 4. e3 c6 5. Bd3 Nbd7 6. 0-0 Bd6 7. Nbd2 c5 8. e4 dxe4 9. Nxe4 Nxe4 10. Bxe4 cxd4 11. Qxd4 Nf6 12. Bc2 0-0 13. Rd1 Be7 14. Qh4 Qc7 15. Bg5 h6 16. Bxh6 gxh6 17. Qxh6 Qc5 18. Ne5 Qxe5 19. Rd3 Rd8 20. Rg3+ Qxg3 21. fxg3 e5 22. Rf1 e4 23. Rxf6 Bxf6 24. Qxf6 Re8 25. h4 Re6 26. Qd8+ Kg7 27. Qd4+ f6 28. Bxe4 Re7 29. Bc2 Be6 30. Qe4 f5 31. Qe5+ Kf7 32. Bd1 Rd8 33. Bh5+ Kg8 34. Qf6 Rdd7 35. b3 Bf7 36. Bf3 Re1+ 37. Kh2 Be6 38. Qg6+ Rg7 39. Qe8+ Kh7 40. Bd5 Bxd5 41. Qxe1 Be4 42. Qd2 a6 43. b4 Rg4 44. Qd7+ Rg7 45. Qe6 Rg6 46. Qe5 Rg8 47. a4 Rg7 48. a5 Rg6 49. b5 Kg8 50. b6 Kh7 51. c5 Kg8 52. c6 Rxc6 53. Qb8+ Kf7 54. Qxb7+ Kg6 55. Qxa6 Rc2 56. b7+ 1-0

[Event "RUS-ch sf"]
[Site "Krasnodar"]
[Date "2001.??.??"]
[Round "?"]
[White "Kozlitin, Oleg"]
[Black "Vlasenko, Aleksey"]
[Result "0-1"]
[WhiteElo "2229"]
[BlackElo "2160"]
[PlyCount "57"]
[EventDate "2001.??.??"]
[EventType "swiss"]
[EventRounds "9"]
[EventCountry "RUS"]
[SourceTitle "EXT 2002"]
[Source "ChessBase"]
[SourceDate "2001.11.25"]
[SourceVersion "1"]
[SourceVersionDate "2001.11.25"]
[SourceQuality "1"]

1. e4 c5 2. Nf3 Nc6 3. d4 cxd4 4. Nxd4 Nf6 5. Nc3 e5 6. Ndb5 d6 7. a4 a6 8. Na3 Be6 9. Bc4 Rc8 10. 0-0 Be7 11. Be3 0-0 12. Qd2 Nb4 13. b3 d5 14. exd5 Nbxd5 15. Nxd5 Nxd5 16. Bd3 Nc3 17. Nc4 e4 18. Bb6 Qd5 19. Qxc3 Bf6 20. Qe1 exd3 21. Rd1 Qc6 22. Be3 Bxc4 23. bxc4 dxc2 24. Rd3 Qxc4 25. Rd7 b5 26. axb5 axb5 27. Rb7 Rfd8 28. Bd2 Rxd2 29. Qxd2 0-1

[Event "RUS-ch sf"]
[Site "Krasnodar"]
[Date "2001.??.??"]
[Round "?"]
[White "Vlasenko, Aleksey"]
[Black "Sirotine, Konstantin"]
[Result "1/2-1/2"]
[WhiteElo "2160"]
[BlackElo "2104"]
[PlyCount "62"]
[EventDate "2001.??.??"]
[EventType "swiss"]
[EventRounds "9"]
[EventCountry "RUS"]
[SourceTitle "EXT 2002"]
[Source "ChessBase"]
[SourceDate "2001.11.25"]
[SourceVersion "1"]
[SourceVersionDate "2001.11.25"]
[SourceQuality "1"]

1. d4 d5 2. Nf3 c6 3. c4 e6 4. Nc3 Nf6 5. Bg5 dxc4 6. e4 b5 7. e5 h6 8. Bh4 g5 9. Nxg5 hxg5 10. Bxg5 Nbd7 11. exf6 Bb7 12. g3 c5 13. d5 Qb6 14. Bg2 0-0-0 15. 0-0 b4 16. Na4 Qa6 17. a3 Ne5 18. axb4 Bxd5 19. Bxd5 Rxd5 20. Qe2 Qb7 21. b5 Bd6 22. f4 Nd3 23. Qg2 Rg8 24. Nc3 Rd4 25. h4 e5 26. Qc6+ Kb8 27. fxe5 Bxe5 28. Rf3 Rg4 29. Kg2 Nf4+ 30. Bxf4 Rxf4 31. Qxb7+ Kxb7 1/2-1/2